India : (Record no. 136768)
[ view plain ]
| 000 -LEADER | |
|---|---|
| fixed length control field | 00707nam a22002177a 4500 |
| 010 ## - LIBRARY OF CONGRESS CONTROL NUMBER | |
| LC control number | B-218522 |
| 020 ## - INTERNATIONAL STANDARD BOOK NUMBER | |
| International Standard Book Number | 8187471212(set) |
| Terms of availability | 1995(set) |
| 035 ## - SYSTEM CONTROL NUMBER | |
| System control number | B-218522 |
| 037 ## - SOURCE OF ACQUISITION | |
| Source of stock number/acquisition | Cen Lib / Ret |
| 040 ## - CATALOGING SOURCE | |
| Original cataloging agency | DPL |
| Language of cataloging | EN |
| 082 ## - DEWEY DECIMAL CLASSIFICATION NUMBER | |
| Classification number | 954 |
| Item number | SAH |
| 100 ## - MAIN ENTRY--PERSONAL NAME | |
| Personal name | Sahajwala, P. C. |
| 245 ## - TITLE STATEMENT | |
| Title | India : |
| Remainder of title | through questions and answers / |
| Statement of responsibility, etc | by P. C. Sahajwala |
| 260 ## - PUBLICATION, DISTRIBUTION, ETC. (IMPRINT) | |
| Place of publication, distribution, etc | New Delhi |
| Name of publisher, distributor, etc | Standard Publishers |
| Date of publication, distribution, etc | 2006 |
| 270 ## - ADDRESS | |
| Address | WZ-430E/Naraina |
| City | New Delhi |
| Postal code | 110028 |
| 300 ## - PHYSICAL DESCRIPTION | |
| Extent | (v 1. xv, 363 ; v 2. 270p) |
| Other physical details | 27cm(hb) |
| 650 ## - SUBJECT ADDED ENTRY--TOPICAL TERM | |
| Topical term or geographic name as entry element | Motion pictures -- India -- Miscellanea. |
| 650 ## - SUBJECT ADDED ENTRY--TOPICAL TERM | |
| Topical term or geographic name as entry element | Cricket -- India -- Miscellanea. |
| 650 ## - SUBJECT ADDED ENTRY--TOPICAL TERM | |
| Topical term or geographic name as entry element | India -- History -- Miscellanea. |
| 942 ## - ADDED ENTRY ELEMENTS (KOHA) | |
| Source of classification or shelving scheme | Dewey Decimal Classification |
| Koha item type | English Books |
| Classification part | 954 |
| Call number suffix | SAH |
| Withdrawn status | Lost status | Source of classification or shelving scheme | Materials specified (bound volume or other part) | Damaged status | Not for loan | Home library | Current library | Date acquired | Source of acquisition | Cost, normal purchase price | Total Checkouts | Full call number | Barcode | Date last seen | Copy number | Cost, replacement price | Price effective from | Koha item type |
|---|---|---|---|---|---|---|---|---|---|---|---|---|---|---|---|---|---|---|
| Dewey Decimal Classification | v 1 | Central Library | Central Library | 09/03/2016 | Cen Lib/Ret | 1995.00 | 954 SAH | B-218522 | 09/03/2016 | 1 | 1995.00 | 09/03/2016 | English Books | |||||
| Dewey Decimal Classification | v 2 | Central Library | Central Library | 09/03/2016 | Cen Lib/Ret | 1995.00 | 954 SAH | B-218555 | 09/03/2016 | 1 | 1995.00 | 09/03/2016 | English Books |
